000 00354nam a22001337a 4500
008 160503b xxu||||| |||| 00| 0 eng d
020 _a9780071590341
020 _a10007159034
020 _a13978007159034
041 _aeng
080 _a61
245 _aUsers Guides to the medical Literature:
_cGordon Guyatt MD; Maureen O. Meade MD;
942 _2udc
_cBK
999 _c1744
_d1744